000 00698nam a22002057a 4500
999 _c7596
_d7596
003 AR-CdUCM
008 190320b ||||| |||| 00| 0 spa d
020 _a84-329-2708-2
040 _aMUNICIPALIDAD PROVINCIAL DEL CUSCO
_cBIBLIOTECA MUNICIPAL DEL CUSCO
082 _22ed.
_a531 /
_bC17
245 _aCálculos en mecánica /
260 _aBarcelona :
_bCeac,
_c1980.
300 _a253 paginas ;
_c29 cm.
505 _aContenido :Movimiento uniforme -- Movimiento uniformemente variado -- Movimiento circular -- Fuerzas -- Composición de fuerzas ...
650 _aIngeniería mecánica
_921446
650 _aMecánica
_918682
650 _aTablas
_921447
942 _2ddc
_cLIBROS
945 _arum